Words within Countries - Statistics

General Stats
  • This quiz has been taken 770 times
  • The average score is 15 of 33
Answer Stats
Hint Answer % Correct
Zeal New Zealand
84%
Costar Costa Rica
80%
Inland Finland
79%
Mark Denmark
76%
Mold Moldova
76%
Pore Singapore
74%
Came Cameroon
71%
Many Germany
71%
Pain Spain
70%
Mace Macedonia
67%
Wait Kuwait
62%
Pines Philippines
58%
Name Suriname
58%
Bout Djibouti
57%
Wand Rwanda
49%
Gent Argentina
48%
Wed Sweden
46%
Swan Botswana
40%
Anew Papua New Guinea
40%
Hell Seychelles
35%
Love Slovenia
35%
Glades Bangladesh
33%
Law Malawi
32%
Rune Brunei
30%
Hut Bhutan
28%
Hail Thailand
28%
Irate United Arab Emirates
24%
Oat Croatia
23%
Gas Madagascar
23%
Done Indonesia
15%
Ham Bahamas
8%
Tens Liechtenstein
8%
Ever Cape Verde
6%
No matching quizzes found
Score Distribution
Percent of People with Each Score
Percentile by Number Answered
Your Score History
You have not taken this quiz